[Event "HokkaidoCh2019"]
[Site "?"]
[Date "2019.03.24"]
[Round "4.3"]
[White "Watanabe, Katsumi"]
[Black "Takeuchi, Hiroshi"]
[Result "1-0"]
[WhiteElo "1741"]
[BlackElo "1276"]
[Annotator "Fritz 15 (30s)"]
[PlyCount "63"]
[SourceVersionDate "2019.03.23"]

{[%mdl 8192] C56: Two Knights: 4 d4 exd4 5 0-0 Nxe4} 1. e4 e5 2. Nf3 Nc6 3. Bc4
Bc5 4. O-O Nf6 5. c3 d6 6. d4 exd4 7. cxd4 Bb6 8. e5 (8. h3 O-O 9. d5 Ne5 10.
Nxe5 dxe5 11. Nc3 Ne8 12. Qe2 Nd6 13. Bd3 f5 14. exf5 Bxf5 15. Be3 e4 16. Bc2
Qh4 17. Bxb6 axb6 18. Qe3 Rae8 19. Rae1 b5 20. a3 Bg6 21. Qg3 Qf6 22. Bd1 h5 {
Iordachescu,V (2614)-Rapport,R (2680) Kozloduy 2013 1/2-1/2 (57)}) 8... dxe5 9.
dxe5 Qxd1 10. Rxd1 {Black king safety dropped} Ne4 $146 {Black threatens to
win material: Ne4xf2} (10... Ng4 11. h3 Nxf2 12. Rf1 Nd3+ 13. Kh2 Ndxe5 14. Re1
f6 15. Nxe5 fxe5 16. Bf4 Bd7 17. Bxe5 Nxe5 18. Rxe5+ Kd8 19. Nd2 c6 20. Re2 Re8
21. Rd1 Rxe2 22. Bxe2 Ke7 23. Nf3 Be6 24. a3 Rd8 25. Rxd8 {Meszaros,A (2267)
-Estrada Nieto,J (2249) Kecskemet 2013 0-1}) (10... Ng4 11. Rf1 Be6 12. Bxe6
fxe6 13. Bf4 $15) 11. Rf1 (11. Be3 Bxe3 12. fxe3 Be6 13. Bxe6 fxe6 $11) 11...
Bg4 $15 12. Bf4 (12. Bd5 Nc5 $15) 12... O-O (12... O-O-O 13. Nbd2 Nxd2 14. Nxd2
$17) 13. Nfd2 (13. Nc3 Nxc3 14. bxc3 h6 $15) 13... Nxd2 $17 14. Nxd2 Nd4 (14...
Rad8 15. Nb3 $17) 15. h3 {White threatens to win material: h3xg4} Be2 16. Rfc1
Bxc4 17. Rxc4 Ne2+ 18. Kf1 Nxf4 19. Rxf4 Rad8 {Black threatens to win material:
Rd8xd2} 20. Nc4 Rd4 (20... Rfe8 21. g3 $11) 21. Rxd4 Bxd4 22. Rd1 {White
threatens to win material: Rd1xd4} Bb6 (22... c5 $142 $5 $11 {is worthy of
consideration}) 23. Rd7 $16 Rc8 24. f4 g6 25. Ke2 Bg1 26. Ne3 Kf8 (26... Bxe3
27. Kxe3 b5 28. Ke4 $16) 27. Ng4 c5 $4 {Black crumbles in face of a dire
situation} (27... Bc5 $142 $16) 28. Nf6 (28. Nh6 $5 {and White can already
relax} Bh2 29. Kf3 g5 30. Rxf7+ Ke8 31. fxg5 Bxe5 32. Rxh7 Bxb2 33. Rxb7 Bc1
$18) 28... Kg7 29. g4 (29. Rxb7 $142 {seems even better} c4 30. Ne4 $18) 29...
c4 $4 {the final mistake, not that it matters anymore} (29... Bd4 30. g5 Rf8
31. Rxb7 h6 32. gxh6+ Kxh6 $18) 30. g5 c3 (30... Rf8 $18 {there is nothing
better in the position}) 31. e6 cxb2 (31... Rf8 {no good, but what else?} 32.
e7 Bc5 33. exf8=Q+ Kxf8 34. Rxb7 c2 $18) 32. Rxf7+ (32. Rxf7+ Kh8 33. Rxh7#)
1-0

[Event "HokkaidoCh2019"]
[Site "?"]
[Date "2019.03.24"]
[Round "4.4"]
[White "Nishimori, Tosyiyuki"]
[Black "Koyahata, Taku"]
[Result "1-0"]
[WhiteElo "1811"]
[BlackElo "1401"]
[Annotator "Fritz 15 (30s)"]
[PlyCount "37"]
[SourceVersionDate "2019.03.23"]

{[%mdl 8192] B72: Sicilian Dragon: 6 Be3, lines with h3+Bc4 and sidelines} 1.
e4 c5 2. Nf3 d6 3. d4 cxd4 4. Nxd4 Nf6 5. Nc3 g6 6. Be2 Bg7 7. Be3 O-O 8. Qd2
Re8 (8... a6 9. O-O-O b5 10. Bf3 b4 11. Nce2 Bb7 12. Qxb4 Qc8 13. e5 Nd5 14.
Qb3 dxe5 15. Bxd5 Bxd5 16. Qxd5 exd4 17. Bxd4 Nc6 18. Bxg7 Kxg7 19. Nd4 Nb4 20.
Qe5+ Kg8 21. a3 Nc6 22. Qe4 {1-0 (22) Vachier Lagrave,M (2703)-Edouard,R (2636)
Warsaw 2010}) (8... Ng4 9. Bxg4 Bxg4 10. f3 Bd7 11. h4 b5 12. h5 e6 13. O-O-O
Qf6 14. Bg5 Qe5 15. Bf4 Qxd4 16. Qxd4 Bxd4 17. Rxd4 e5 18. Rxd6 exf4 19. Nd5
Bc8 20. Nf6+ Kg7 21. hxg6 {1-0 (21) Li,R (2426)-Ramer,S (2218) Chicago 2015})
9. h4 $146 {Black has a cramped position} (9. Rd1 Bd7 10. O-O Nc6 11. h3 Rc8
12. Nb3 Be6 13. Qc1 a5 14. Bb5 Nd7 15. f4 Nb4 16. Nd4 Bc4 17. Bxc4 Rxc4 18. a3
Nc6 19. Ndb5 Qc8 20. Qd2 Nf6 21. Qd3 Rc5 22. Bxc5 dxc5 23. e5 Rd8 {Munoz Cruz,
J (2254)-Ruiz Sanchez,A (2229) Mancha Real 2001 1-0 (34)}) 9... Nc6 10. h5 Nxd4
(10... Ng4 11. hxg6 fxg6 12. Bxg4 Bxg4 13. f3 $14) 11. Bxd4 $16 e5 12. Be3 gxh5
13. Bg5 Be6 14. Rxh5 Qb6 (14... Rc8 15. Qe3 $16) 15. Bxf6 Bxf6 16. O-O-O Qxf2
$4 {shortens the misery for Black} (16... Bg7 $142 17. f3 h6 $16) 17. Rf1 $18
Qxg2 (17... Qd4 {does not win a prize} 18. Qh6 Bg7 19. Rg5 Qe3+ 20. Kb1 Qxg5
21. Qxg5 $18) 18. Rxf6 Qg1+ (18... Kh8 {there is nothing else anyway} 19. Rfh6
Qg7 $18) 19. Rf1 (19. Rf1 Qg6 20. Rg5 $18) 1-0

[Event "HokkaidoCh2019"]
[Site "?"]
[Date "2019.03.24"]
[Round "4.5"]
[White "Manabe, Hiroaki"]
[Black "Kikuchi, Akira"]
[Result "1-0"]
[WhiteElo "1723"]
[BlackElo "1718"]
[Annotator "Fritz 15 (30s)"]
[PlyCount "73"]
[SourceVersionDate "2019.03.23"]

{[%mdl 8192] B04: Alekhine's Defence: 4 Nf3} 1. e4 Nf6 2. e5 Nd5 3. d4 d6 4.
Nf3 dxe5 5. dxe5 Bf5 6. Bc4 {White threatens to win material: Bc4xd5} (6. Nd4
Bg6 7. e6 c6 8. Bd3 Qd6 9. exf7+ Bxf7 10. O-O Nd7 11. Re1 Nc5 12. Na3 Qf6 13.
Nc4 Nxd3 14. Qxd3 Nb4 15. Qc3 Nxc2 16. Bg5 Qxd4 17. Qxd4 Nxd4 18. Nd6+ Kd7 19.
Nxf7 Rg8 20. Rad1 c5 {Martin Del Campo C,R (2465)-Garcia Martinez,S (2415)
Havana 1990 1-0 (39)}) 6... c6 $146 {Black is behind in developement. Black's
piece can't move: f8} (6... e6 7. Qe2 (7. Bg5 Qd7 8. Qe2 h6 9. Bd2 Nc6 10. Bb3
g5 11. h3 Bb4 12. Nc3 Nxc3 13. Bxc3 Bxc3+ 14. bxc3 g4 15. hxg4 Bxg4 16. Ba4 Qd5
17. Rd1 Bxf3 18. gxf3 Qc5 19. Qe3 Qa5 20. Bxc6+ bxc6 21. Qd4 Qd5 {Nicolini,A 
(2154)-Borik,J (2198) Slovakia 2012 1-0 (50)}) 7... c6 8. O-O Bg4 9. Bb3 Nd7
10. c4 Ne7 11. Bf4 Ng6 12. Bg3 Bxf3 13. Qxf3 Ndxe5 14. Qh5 Nd7 15. Nc3 {
1/2-1/2 (15) Stehno,P (2301)-Turner,J (2344) Marianske Lazne 2004}) 7. O-O e6 {
Consolidates d5} 8. Bb3 {White has an active position} Nd7 9. Nbd2 Qc7 10. Re1
Be7 11. Nf1 O-O-O 12. a4 (12. Bd2 Kb8 $15) 12... h5 (12... Nb4 $5 $17) 13. Bxd5
cxd5 14. c3 {Consolidates b4} Bg4 15. Qd4 (15. N1d2 Nxe5 {Deflection: f3} 16.
Rxe5 Qxe5 17. Nxe5 Bxd1 18. Nxf7 g5 $15) 15... Bxf3 $17 16. gxf3 Bc5 17. Qf4
Rdf8 18. b4 Be7 19. Qd4 {White threatens to win material: Qd4xa7} Kb8 20. Be3
Qb6 21. Nd2 Qxd4 {Black forks: c3+e5} 22. Bxd4 {The bishop likes it on d4} g5
23. a5 {White gains space} Rfg8 {[%cal Yg5g4] Black intends g4} 24. Reb1 (24.
Nb3 Nf8 $15) 24... g4 {Black wins space} 25. f4 h4 (25... Nf8 $5 $17) 26. c4
$11 dxc4 27. Nxc4 g3 28. Nd6 (28. Rd1 Rg4 29. Be3 Nf8 $16) 28... gxh2+ {
White is in double check} (28... f6 29. exf6 Bxf6 30. Rd1 $11) 29. Kxh2 $11
Bxd6 (29... Rg4 $5 {is noteworthy} 30. Be3 Bxd6 31. exd6 Nf6 $11) 30. exd6 $16
{White has a new passed pawn: d6. Black has a new passed pawn: h4} Rh5 31. Rg1
{White has a mate threat} Rc8 (31... Rd8 $14) 32. Rac1 (32. a6 $142 $5 Rb5 33.
axb7 Rxb7 34. Kh3 $16) 32... Rxc1 $11 33. Rxc1 {White has a king attack} Rd5 {
Black threatens to win material: Rd5xd4. Black forks: d4+d6} 34. Rg1 {White
has a mate threat} b6 {Black threatens to win material: b6xa5} 35. a6 {White
has a mate threat} (35. Be5 $142 bxa5 36. bxa5 Rxa5 37. Rg7 $11) 35... Ka8 $4 {
forfeits the clear win} (35... Rxd6 $142 {would hold out} 36. Rg8+ Kc7 $17) 36.
Rg8+ Nb8 37. Be5 (37. Be5 f6 38. Bxf6 Rd2 39. Be5 Rxf2+ 40. Kh3 Rf3+ 41. Kxh4
Rh3+ 42. Kxh3 b5 43. Rxb8+ Kxb8 44. d7+ Ka8 45. d8=Q#) 1-0

[Event "HokkaidoCh2019"]
[Site "?"]
[Date "2019.03.24"]
[Round "4.7"]
[White "Sato, Yasuji"]
[Black "Hakamada, Eiji"]
[Result "1/2-1/2"]
[WhiteElo "1478"]
[BlackElo "1531"]
[Annotator "Fritz 15 (30s)"]
[PlyCount "112"]
[SourceVersionDate "2019.03.23"]

{[%mdl 8192] B13: Caro-Kann: Exchange Variation and Panov-Botvinnik Attack} 1.
e4 c6 2. c3 d5 3. exd5 cxd5 4. Nf3 Nf6 5. d4 Nc6 6. Bb5 (6. Bf4 g6 7. Be2 Bg7
8. O-O O-O 9. Nbd2 Nh5 10. Be3 Qd6 11. Re1 f5 12. Nb3 f4 13. Bd2 Kh8 14. Bd3
Bg4 15. Be2 Rae8 16. Ng5 Bxe2 17. Rxe2 e5 18. dxe5 Nxe5 19. Nd4 h6 20. Ngf3
Nxf3+ {Turov,M (2490)-Burmakin,V (2530) Moscow 1994 1/2-1/2 (42)}) (6. Ne5 g6
7. Bb5 Bd7 8. Qb3 a6 9. Bd3 Na5 10. Qd1 Bg7 11. Nd2 O-O 12. h4 Nc6 13. f4 Bf5
14. Be2 h5 15. Nf1 Ne4 16. g4 hxg4 17. Bxg4 Qc8 18. Ne3 Bxg4 19. N5xg4 e6 20.
Qf3 f5 {Mona,K (2154)-Wageih,K (2316) Cairo 2014 0-1 (42)}) 6... a6 $146 {
Black threatens to win material: a6xb5} (6... Qb6 7. Qb3 Bd7 8. O-O e6 9. Bf4
Na5 10. Bxd7+ Nxd7 11. Qc2 Bd6 12. Bxd6 Qxd6 13. Nbd2 Rc8 14. Qd3 O-O 15. Ng5
Nf6 16. Rae1 Nc4 17. Nxc4 Rxc4 18. f4 g6 19. Qh3 Kg7 20. Re3 b5 21. Qh4 {
James,R (2225)-Arkell,K (2506) Paington 2008 0-1 (40)}) 7. Bd3 Bg4 8. h3 {
White threatens to win material: h3xg4} Bh5 9. O-O e6 {Secures f5} 10. Bg5 Be7
11. Nbd2 O-O 12. Qc2 Bg6 13. Bxg6 hxg6 14. Rfe1 Rc8 15. Qd3 Re8 16. Rac1 Qa5
17. a3 {Prevents intrusion on b4} Nh7 {Black threatens to win material: Nh7xg5}
18. Bf4 Qd8 19. Bg3 Bd6 20. Ne5 Nxe5 21. Bxe5 Be7 22. Nf3 Ng5 23. Nh2 Ne4 24.
f3 {White threatens to win material: f3xe4} Nd6 25. Ng4 Nc4 {Black threatens
to win material: Nc4xb2} 26. Rc2 Bd6 27. Bxd6 Nxd6 28. Rce2 Nc4 29. Ne3 Qd7 30.
Nxc4 dxc4 31. Qe4 Qb5 32. Qc2 Rcd8 33. Re5 {White threatens to win material:
Re5xb5} Rd5 34. f4 Red8 35. R1e2 Qb6 36. Kh2 Qc7 37. g3 b5 38. Qb1 Qb7 39. Qe1
a5 40. g4 b4 41. axb4 axb4 42. Rxd5 {White has a mate threat} Rxd5 43. Re5 Rxe5
44. dxe5 bxc3 45. bxc3 {A queen endgame occured.} Qf3 {Black threatens to win
material: Qf3xf4} 46. Qd2 Kh7 47. Qd4 {White threatens to win material: Qd4xc4}
(47. g5 $5 $11 {must be considered}) 47... Qd3 $15 48. Qf2 f6 (48... g5 $5 {
is worth consideration} 49. fxg5 Qxc3 50. Qxf7 Qd2+ 51. Kg1 Qxg5 52. Qxe6 c3
$15) 49. Qh4+ $11 Kg8 50. exf6 Qd2+ {Black forks: f4} 51. Kg1 Qxf4 52. fxg7 {
White has a mate threat} Kxg7 {Black has a new passed pawn: e6.} 53. Qe7+ {
White forks: e6} Qf7 $4 {a weak move, ruining a winning position} (53... Kh8
54. Qe8+ Kg7 55. Qe7+ Kh8 56. Qe8+ Kg7 57. Qe7+ $11) 54. Qc5 {White threatens
to win material: Qc5xc4} (54. Qxf7+ $142 {and White has prevailed} Kxf7 55. h4
$18) 54... Qf4 $4 {ruins a very nice position} (54... Qf3 55. Qe7+ Kh6 56. Qh4+
Kg7 57. Qe7+ Kh6 58. Qh4+ Kg7 59. Qe7+ $11) 55. Qe7+ {Twofold repetition} Qf7
56. Qc5 Qf4 1/2-1/2

[Event "HokkaidoCh2019"]
[Site "?"]
[Date "2019.03.24"]
[Round "5.2"]
[White "Drakakis, Athanasios"]
[Black "Watanabe, Katsumi"]
[Result "1-0"]
[WhiteElo "1836"]
[BlackElo "1741"]
[Annotator "Fritz 15 (30s)"]
[PlyCount "45"]
[SourceVersionDate "2019.03.23"]

{[%mdl 8192] D02: 1 d4 d5 2 Nf3 sidelines, including 2...Nf6 3 g3 and 2...Nf6
3 Bf4} 1. d4 d5 2. Nf3 Nf6 3. Bf4 g6 4. Nbd2 Bg7 5. e3 O-O 6. Bd3 Nbd7 (6...
Nh5 7. Bg5 Nc6 8. c3 Qd6 9. O-O h6 10. Bh4 e5 11. dxe5 Nxe5 12. Be2 Nd7 13. Nd4
Nhf6 14. Bg3 Qb6 15. Qb3 c6 16. c4 Ne4 17. N2f3 dxc4 18. Bxc4 Qxb3 19. axb3
Nxg3 20. hxg3 Nb6 21. Be2 {Egeli,P (2330)-Stefansson,H (2540) Antwerp 1998 0-1
(35)}) 7. O-O (7. h3 Re8 8. Bh2 b6 9. O-O Bb7 10. Ne5 Nxe5 11. Bxe5 Bh6 12. a4
Nd7 13. a5 Nxe5 14. dxe5 a6 15. axb6 c5 16. c4 d4 17. exd4 Qxd4 18. Nb3 Qxe5
19. Na5 Rab8 20. Re1 Qd6 21. Qb3 Bd2 {Stripunsky,A (2549)-Vibbert,S (2299)
Arlington 2013 1-0 (43)}) 7... c5 $146 (7... Nh5 8. Bg5 h6 9. Bh4 Ndf6 (9... g5
10. Nxg5 Nhf6 11. Ngf3 c6 12. c4 e6 13. Ne5 Qb6 14. Nxd7 Bxd7 15. Qc2 c5 16.
dxc5 Qxc5 17. Nb3 Qb4 18. Qd2 Qxd2 19. Nxd2 dxc4 20. Nxc4 Nd5 21. Rad1 Bb5 22.
b3 Nb4 23. Be7 Nxd3 24. Bxf8 {Najjar,A (2311)-Aboudi,M (2191) Beirut 2000 1-0})
10. Ne5 g5 11. Bg3 Nxg3 12. fxg3 Nd7 13. Nxd7 Bxd7 14. c3 f5 15. Rf2 c6 16. Qc2
e6 17. g4 fxg4 18. Raf1 Qe7 19. Bh7+ Kh8 20. Bg6 Rxf2 21. Rxf2 Rf8 22. Nf1 {
Klemanic,E (2215)-Gazik,I (2410) Slovakia 1994 0-1 (45)}) (7... b6 8. c3 Bb7 9.
Qe2 Re8 10. Ba6 Qc8 11. Bxb7 Qxb7 12. Ne5 c5 {1/2-1/2 (12) Kaliberda,V (2285)
-Yuferev,O (2353) Ekaterinburg 2010}) 8. c3 c4 {Black gains space} 9. Bc2 b5 (
9... Nh5 10. Bg5 $11) 10. a3 (10. a4 bxa4 11. Bxa4 Bb7 $14) 10... Bb7 11. Re1
a5 12. h3 {Covers g4} Qb6 13. e4 dxe4 14. Nxe4 e6 15. Qe2 Bd5 16. Nxf6+ Nxf6
17. Ne5 Qb7 18. f3 {Controls e4} Nh5 {Black threatens to win material: Nh5xf4}
19. Bh2 Bh6 20. Ng4 Bf4 $4 {forfeits the advantage} (20... Bg5 $142 $11 {
was necessary}) 21. Bxf4 $18 Nxf4 22. Qe5 Nh5 (22... f6 {otherwise it's
curtains at once} 23. Qxf4 Kg7 $18) 23. Nh6# 1-0

[Event "HokkaidoCh2019"]
[Site "?"]
[Date "2019.03.24"]
[Round "5.3"]
[White "Aoki, Yasuhiro"]
[Black "Nishimori, Toshiyuki"]
[Result "0-1"]
[WhiteElo "1665"]
[BlackElo "1811"]
[Annotator "Fritz 15 (30s)"]
[PlyCount "110"]
[SourceVersionDate "2019.03.23"]

{[%mdl 8192] A29: English Opening: Four Knights Variation with 4 g3} 1. c4 Nf6
2. Nc3 e5 3. Nf3 Nc6 4. g3 d6 5. Bg2 Be7 6. O-O O-O 7. d3 Rb8 $146 (7... a5 8.
a3 h6 9. Rb1 Be6 10. b4 axb4 11. axb4 Qd7 12. e4 Bh3 13. b5 Nd8 14. Nh4 Bxg2
15. Kxg2 Ne6 16. Nf5 Kh7 17. Be3 Ra3 18. Qc1 Rfa8 19. Nd5 Nxd5 20. cxd5 Nc5 21.
Bxc5 dxc5 22. Qe3 {Zaitsev,V (2408)-Potapov,A (2293) chessassistantclub.com
INT 2004 1/2-1/2 (35)}) (7... Be6 8. Ng5 Nd7 9. Nxe6 fxe6 10. Rb1 Rb8 11. b4
Nd4 12. e3 Nf5 13. Ne2 Bf6 14. d4 exd4 15. e4 Ne7 16. Nxd4 Bxd4 17. Qxd4 Nc6
18. Qc3 Qf6 19. Qxf6 Rxf6 20. f4 e5 21. Be3 a5 22. Bh3 {Von Herman,U (2416)
-Kevorkov,A (2277) Germany 2013 1-0 (45)}) (7... Ne8 8. Rb1 a5 9. a3 Be6 10. b4
axb4 11. axb4 f5 12. b5 Na5 13. Nd2 Ra7 14. Nb3 c5 15. Nxa5 Qxa5 16. b6 Ra6 17.
Rb5 Qxc3 18. Bb2 Qb4 19. Rxb4 cxb4 20. Bxb7 Rxb6 21. Bg2 Nf6 22. Qa4 {Sorensen,
T (2275)-Hoiberg,N (2180) Aarhus 1986 1-0 (35)}) (7... Bg4 8. h3 Bxf3 9. Bxf3
Qd7 10. Bg2 Rab8 11. f4 a6 12. f5 h6 13. g4 Nh7 14. Nd5 Bg5 15. Bxg5 hxg5 16.
f6 gxf6 17. Be4 Qd8 18. Bxh7+ Kxh7 19. Nxf6+ Kg6 20. d4 Rh8 21. Nh5 Rxh5 22.
gxh5+ {Gusev,Y (2305)-Abzirko,N (2225) Ozery 1997 1-0 (35)}) 8. a3 {Controls b4
} h6 {Consolidates g5} 9. b4 a6 {Covers b5} 10. Bb2 Be6 11. Rc1 Qd7 12. e4 Bh3
13. Nd5 {[%cal Yc4c5] White prepares c5} Bxg2 14. Nxe7+ (14. Kxg2 Ra8 $14)
14... Nxe7 $11 15. Kxg2 c6 16. c5 {White wins space} Ng6 17. cxd6 Qxd6 {
White has a new backward pawn: d3} 18. Re1 Nd7 (18... Rbd8 19. Re3 $11) 19. d4
$14 Rfe8 20. dxe5 Qxd1 21. Rcxd1 Ndxe5 22. Nxe5 Nxe5 23. Bxe5 Rxe5 {A double
rook endgame occured} 24. Rd7 Kf8 25. f4 {White threatens to win material:
f4xe5} Re7 26. Rd4 Rbe8 27. Kf3 f6 28. h4 h5 29. g4 hxg4+ 30. Kxg4 g6 31. Kf3
Kf7 32. Red1 Rh8 {Black threatens to win material: Rh8xh4} 33. Kg3 Rhe8 (33...
Rh5 34. R1d3 $11) 34. Rd7 $14 Ke6 (34... Rxd7 35. Rxd7+ Re7 36. Rxe7+ Kxe7 37.
Kf3 $18) 35. Rxe7+ (35. R1d6+ Kf7 $16) 35... Rxe7 36. a4 (36. Rd8 Rc7 $14)
36... b6 (36... Re8 37. a5 $11) 37. Kg4 {[%cal Yf4f5] White plans f5} (37. Rd8
a5 38. bxa5 bxa5 $16) 37... Rh7 (37... f5+ 38. Kg5 fxe4 39. Kxg6 $14) 38. f5+
$14 gxf5+ 39. exf5+ Ke5 40. Re1+ Kd5 41. Re6 {White threatens to win material:
Re6xf6} Rh6 (41... Rg7+ 42. Kf3 Rh7 43. Rxf6 Rxh4 44. b5 axb5 45. axb5 cxb5 46.
Rxb6 $11) 42. h5 (42. a5 $142 bxa5 43. bxa5 $14) 42... c5 $4 {with this move
Black loses his initiative} (42... a5 $142 {would bring relief} 43. bxa5 bxa5
$11) 43. Rxb6 $18 c4 (43... cxb4 44. Rxb4 Ke5 45. Rb7 $18) 44. b5 (44. Rxa6
$142 {might be the shorter path} Rh7 45. b5 $18) 44... axb5 45. Rxb5+ $4 {
allows the opponent back into the game.} (45. axb5 $142 {and White is on the
road to success} Kc5 46. Rb8 $18) 45... Kd4 $11 46. a5 Rh8 (46... c3 47. Rb4+
Kd3 48. Rb3 $11) 47. a6 {Is this a dangerous pawn?} (47. Rb6 $5 c3 48. Rxf6 $14
) 47... c3 $11 {Don't underestimate that pawn} 48. Rb1 c2 {Black has a mate
threat} 49. Rc1 {White threatens to win material: Rc1xc2} Kd3 50. a7 Kd2 51.
Rxc2+ $4 {instead of simply winning the game.} (51. Rh1 $142 {saving the game}
Ra8 52. h6 Rxa7 53. Kh5 $11) 51... Kxc2 52. h6 Kd3 53. Kh5 Ke4 54. Kg6 Ke5 55.
h7 Ra8 (55... Ra8 56. Kh5 Kxf5 57. Kh4 Ke4 58. Kh5 f5 59. Kg6 f4 60. Kg7 Rxa7+
61. Kg6 Rxh7 62. Kxh7 f3 63. Kg7 Ke5 64. Kh6 f2 65. Kg6 f1=Q 66. Kg7 Qf5 67.
Kh6 Qg4 68. Kh7 Kf6 69. Kh8 Qg7#) 0-1

[Event "HokkaidoCh2019"]
[Site "?"]
[Date "2019.03.24"]
[Round "5.4"]
[White "Hakamada, Eiji"]
[Black "Manabe, Hiroaki"]
[Result "1/2-1/2"]
[WhiteElo "1531"]
[BlackElo "1723"]
[Annotator "Fritz 15 (30s)"]
[PlyCount "70"]
[SourceVersionDate "2019.03.23"]

{C01: French: Exchange Variation} 1. e4 e6 2. d4 d5 3. exd5 exd5 4. Nf3 Nf6 5.
Nc3 Bb4 6. Bd3 O-O 7. O-O Bg4 8. Bg5 c6 9. Re1 (9. h3 Bh5 10. Bf5 Qd6 11. Qd3
Bxc3 12. bxc3 Nbd7 13. Bxf6 Nxf6 14. Ne5 Bg6 15. Bxg6 hxg6 16. c4 c5 17. Qa3
Ne4 18. Rad1 cxd4 19. Qxd6 Nxd6 20. Rxd4 Nxc4 21. Nxc4 dxc4 22. Rb1 b6 23. Rxc4
Rac8 {Van den Doel,E (2528)-Vaganian,R (2617) Groningen 1999 1/2-1/2 (99)}) (9.
Ne2 Bxf3 10. gxf3 Nbd7 11. Ng3 Qc7 12. Kg2 Rfe8 13. Rh1 h6 14. Be3 Nf8 15. Qc1
Ng6 16. Nf5 Nh5 17. Rg1 Bd6 18. Bxh6 gxh6 19. Qxh6 Nhf4+ 20. Kh1 Bf8 21. Qh4
Bg7 22. Qg4 Nxd3 23. cxd3 Re2 {Unmack,C (2161)-Brynell,S (2489) Tylosand 2012
0-1 (60)}) 9... Nbd7 {White has an active position} 10. a3 $146 {White
threatens to win material: a3xb4} (10. h3 Bh5 11. g4 (11. Bf5 Qc7 12. Qd3 Bg6
13. Bxg6 hxg6 14. Re2 Rfe8 15. Rae1 Rxe2 16. Rxe2 Bd6 17. a3 a5 18. Bxf6 gxf6
19. h4 Kg7 20. g3 Rh8 21. Kg2 Nb6 22. Nd1 a4 23. Ne3 f5 24. Ng5 Be7 25. c3 f4 {
Fodre,S (2279)-Gara,G (2178) Hungary 2000 1-0 (48)}) 11... Bg6 12. Ne5 Bxd3 13.
Qxd3 Qc7 14. Qf5 Bxc3 15. bxc3 Nxe5 16. Rxe5 Ne4 17. Re7 Qd6 18. Rxb7 g6 19.
Qf4 Qxf4 20. Bxf4 Nxc3 21. Kf1 Rfe8 22. Rb3 Na4 23. Re1 Rxe1+ 24. Kxe1 Re8+ {
Le Borgne,P (2226)-Passager,J (2251) France 2004 1-0 (48)}) 10... Bd6 {White
has an active position} 11. h3 {White threatens to win material: h3xg4} Bh5 12.
Bf5 Qc7 13. Qd3 {White has a very active position} h6 {Black threatens to win
material: h6xg5} (13... Rfe8 14. Rab1 $11) 14. Bd2 (14. Bxf6 Nxf6 15. g4 Bg6
$11) 14... Nb6 (14... Bxf3 15. Qxf3 Rfe8 16. g3 $11) 15. g4 (15. Ne5 Nfd7 16.
Bf4 Bxe5 17. dxe5 f6 $14) 15... Bg6 $11 16. Bxg6 fxg6 17. Qxg6 {Black king
safety dropped} Nh7 {White has an active position} 18. Qe6+ Kh8 (18... Rf7 19.
Ne5 Bxe5 20. Qxe5 Qxe5 21. dxe5 $11) 19. Ne5 (19. Nh4 Rf7 20. b3 Nf8 $16) 19...
Bxe5 $14 20. Qxe5 Qxe5 21. Rxe5 {Black king safety improved} (21. dxe5 Ng5 22.
Bxg5 hxg5 $16) 21... Nc4 $11 22. Re2 Nxd2 23. Rxd2 Ng5 {Black threatens to win
material: Ng5xh3} 24. Kg2 Rae8 25. Rd3 Ne4 {[%cal Re4f2,Rf8f2,Gg2f2] Attacks
the backward pawn on f2} 26. Nxe4 Rxe4 27. c3 (27. Kf1 $142 $5 $14 {is an
interesting idea}) 27... Re2 $15 28. Rf3 Rxf3 29. Kxf3 Rxb2 30. a4 Kg8 (30...
Rb3 31. Kf4 $15) 31. Ra3 (31. a5 Kf7 $11) 31... Kf7 (31... b6 32. h4 $17) 32.
Kg3 (32. a5 Ke6 $11) 32... Kf6 (32... b6 33. f3 $17) 33. f4 (33. a5 h5 $11)
33... g6 (33... b6 34. f5 $17) 34. a5 $15 a6 35. h4 Rb1 1/2-1/2